000 00580nam a2200217 a 4500
001 16486
003 CO-ViMGA
008 141112s2004 ck r 000 u spa d
020 _a8888405135
040 _aCO-ViMGA
_bspa
_cCO-ViMGA
082 0 4 _a853.9 F356p
100 1 _aFenoglio, Beppe
_923531
245 1 0 _aPero mi amor es Paco
260 _aCesena ( Italia) :
_b2002
300 _a80.p.
490 _aUn mar de sueños
590 _aForma de adquisición : Premio - Mincultura
650 1 4 _aLITERATURA ITALIANA
_92690
650 1 4 _aNOVELA ITALIANA
_92688
942 _2ddc
_cBK
999 _c26305
_d26305